000 00676nam a22002297i 4500
999 _c7770
_d7770
003 URS
005 20220114152859.0
008 171104b xxu||||| |||| 00| 0 eng d
020 _a9789719802709
040 _erda
_cURSP-College LIbrary
_beng
050 _aPL6054
082 _a808.02
_bP14 2015
245 _aPagbasa at pagsulat tungo sa pananaliksik ikalawang edisyon
264 1 _aQuezon City
_bC and E Pub.
_c2015.
300 _axii, 301 pages
_c22cm
336 _atext
_btxt
_2rdacontent
337 _aunmediated
_bn
_2rdamedia
338 _avolume
_bnc
_2rdacarrier
650 0 _aFilipino language--Readers.
650 0 _aFilipino language--Rhetoric.
942 _cF
_2lcc